LEADER 02419oam 2200661 450 001 9910713953103321 005 20220518103555.0 035 $a(CKB)5470000002506131 035 $a(OCoLC)1200122401 035 $a(EXLCZ)995470000002506131 100 $a20201013d2020 ua 0 101 0 $aeng 135 $aurbn||||a|||| 181 $ctxt$2rdacontent 182 $cc$2rdamedia 183 $acr$2rdacarrier 200 10$aContinuation of the national emergency with respect to the situation in Mali $emessage from the President of the United States, transmitting notification that the national emergency declared with respect to the situation in Mali that was declared in Executive Order 13882 of July 26, 2019, is to continue in effect beyond July 26, 2020, pursuant to 50 U.S.C. 1622(d); Public law 94-412, Sec. 202(d); (90 Stat. 1257) 210 1$aWashington :$cU.S. Government Publishing Office,$d2020. 215 $a1 online resource (3 pages) 225 1 $aHouse document / 116th Congress, 2d session ;$v116-138 300 $a"Referred to the Committee on Foreign Affairs." 300 $a"July 23, 2020." 517 $aContinuation of the national emergency with respect to the situation in Mali 606 $aTerrorism$zMali 606 $aDrug traffic$zMali$xPrevention 606 $aHuman rights$zMali 606 $aNational security$zMali 606 $aArmed Forces$2fast 606 $aHuman rights$2fast 606 $aNational security$2fast 606 $aTerrorism$2fast 607 $aUnited States$xArmed Forces$zMali 607 $aMali$2fast 607 $aUnited States$2fast 608 $aLegislative materials.$2fast 608 $aLegislative materials.$2lcgft 615 0$aTerrorism 615 0$aDrug traffic$xPrevention. 615 0$aHuman rights 615 0$aNational security 615 7$aArmed Forces. 615 7$aHuman rights. 615 7$aNational security. 615 7$aTerrorism. 702 $aTrump$b Donald$f1946- 712 02$aUnited States.$bCongress.$bHouse.$bCommittee on Foreign Affairs, 801 0$bGPO 801 1$bGPO 801 2$bGPO 801 2$bOCLCF 801 2$bOCLCA 801 2$bOCLCQ 801 2$bOCLCO 801 2$bGPO 906 $aBOOK 912 $a9910713953103321 996 $aContinuation of the national emergency with respect to the situation in Mali$93535020 997 $aUNINA LEADER 03702nam 2200709Ia 450 001 9910974278003321 005 20200520144314.0 010 $a1-134-88882-1 010 $a1-134-88883-X 010 $a1-280-33149-6 010 $a0-203-30853-0 010 $a0-203-03698-0 024 7 $a10.4324/9780203036983 035 $a(CKB)1000000000248106 035 $a(EBL)169555 035 $a(OCoLC)252799255 035 $a(SSID)ssj0000289887 035 $a(PQKBManifestationID)11255019 035 $a(PQKBTitleCode)TC0000289887 035 $a(PQKBWorkID)10402247 035 $a(PQKB)10034294 035 $a(SSID)ssj0000110731 035 $a(PQKBManifestationID)11137848 035 $a(PQKBTitleCode)TC0000110731 035 $a(PQKBWorkID)10064713 035 $a(PQKB)11421257 035 $a(Au-PeEL)EBL169555 035 $a(CaPaEBR)ebr10057638 035 $a(CaONFJC)MIL33149 035 $a(MiAaPQ)EBC169555 035 $a(EXLCZ)991000000000248106 100 $a19950519d1995 uy 0 101 0 $aeng 135 $aur|n|---||||| 181 $ctxt 182 $cc 183 $acr 200 00$aBetween poverty and the pyre $emoments in the history of widowhood /$fedited by Jan Bremmer and Lourens van den Bosch 205 $a1st ed. 210 $aNew York $cRoutledge$d1995 215 $a1 online resource (285 p.) 300 $aDescription based upon print version of record. 311 08$a0-415-51338-3 311 08$a0-415-08370-2 320 $aIncludes bibliographical references (p. 247-251) and index. 327 $aBook Cover; Title; Contents; List of illustrations; Notes on contributors; Preface; Editors' note; WIDOWS' WORLDS Representations and realities Marjo Buitelaar; THE PUBLIC IMAGE OF THE WIDOW IN ANCIENT ISRAEL Karel van der Toorn; PAUPER OR PATRONESS The widow in the Early Christian Church Jan N.Bremmer; WIDOWS IN ANGLO-SAXON ENGLAND Rolf H.Bremmer Jr; WIDOWS AND THE LAW The legal position of widows in the Dutch Republic during the seventeenth and eighteenth centuries Dieneke Hempenius-van Dijk; 'EUROPEAN' WIDOWS IN THE DUTCH EAST INDIES Their legal and social position Heleen C.Gall 327 $aWOMEN WITHOUT MEN Widows and spinsters in Britain and France in the eighteenth century Olwen HuftonNOBLE WIDOWS BETWEEN FORTUNE AND FAMILY Yme Kuiper; THE ULTIMATE JOURNEYSat and widowhood in India Lourens P. van den Bosch; WIDOWS IN ISLAM Willy Jansen; WIDOWS HIDDEN FROM VIEW The disappearance of mourning dress among Dutch widows in the twentieth century Geertje van Os; WIDOWS IN WESTERN HISTORY A select bibliography Frouke Veenstra and Kirsten van der Ploeg; Index 330 $aBetween Poverty and the Pyre examines the history of the experience of widowhood across different cultures. It brings together a collection of essays by historians, anthropologists and philologists. The book shows how difficult it is to define the 'typical' widow, as the experiences of these women have differed so widely, not simply because of their different time periods and locations, but also becuase of their varying legal and religious status and economic conditions. The study is diverse with subjects ranging from: *Hindu wives who followed their husbands to the pyre * 606 $aWidowhood$vCross-cultural studies 606 $aLife cycle, Human 615 0$aWidowhood 615 0$aLife cycle, Human. 676 $a305.48/9654/09 701 $aBremmer$b Jan N$0157056 701 $aBosch$b Lourens van den$f1944-$01854435 801 0$bMiAaPQ 801 1$bMiAaPQ 801 2$bMiAaPQ 906 $aBOOK 912 $a9910974278003321 996 $aBetween poverty and the pyre$94451689 997 $aUNINA